000 01775cam a22003497a 4500
001 17740855
005 20141211162532.0
008 130516s2012 txu j 000 1 eng d
010 _a 2012533853
020 _a9781623429119 (pbk.)
020 _a1623429110 (pbk.)
035 _a(OCoLC)ocn844385613
040 _aNTG
_cNTG
_dDLC
042 _alccopycat
050 0 0 _aPZ 7
_b.Ev87365Re 2012
082 0 4 _a813.6
100 1 _aEvangelista, Kate.
245 1 0 _aReaping me softly /
_cKate Evangelista.
250 _a1st Omnific trade pbk. ed.
260 _aDallas :
_bOmnific,
_c2012.
300 _a213 pages :
_c22 cm.
520 _a"Ever since a near-death experience on the operating table, seventeen-year-old Arianne Wilson can see dead people. Just as she's learned to accept her new-found talents, she discovers that the boy she's had a crush on since freshman year, Niko Clarke, is a Reaper. At last they have something in common, but that doesn't mean life is getting any easier. All while facing merciless bullying from the most powerful girl in school, Arianne's world is turned upside down after Niko accidentally reaps the soul of someone she loves. This sends them both into a spiral that threatens to end Arianne's life. But will Niko break his own Reaper's code to save her? And what would the consequences be if he did?"--P. [4] of cover.
650 0 _aHigh school students
_vJuvenile fiction.
650 0 _aDeath
_vJuvenile fiction.
655 0 _aFantasy fiction.
655 0 _aLove stories.
655 0 _aParanormal romance stories.
906 _a7
_bcbc
_ccopycat
_d2
_encip
_f20
_gy-gencatlg
942 _2lcc
_cBK
_kFOR
999 _c276951
_d276951